000 02233njm0a2200481 4500
001 RU\NLR\ONIZ\309001
005 20260409004040.0
035 _a(NLR Aleph) 022774358
071 0 0 _aX-64863
071 0 0 _aX-64864
071 1 0 _a6486l
071 1 0 _a6488l
090 _a13651964
_c13651964
100 _a20180917d1908 u y0rusy50 ca
102 _aRU
126 _aadaxdxu ux
_bxxx
127 _a000600
145 0 _aa
200 1 _aВолною морскою
_bЗвукозапись
_eмосковск. распева
_aБлагообразный Иосиф
_eмосковск. распева
_fисполняет: Моск. Чудовск. хор под упр. регента Я. В. Никольскаго
203 _aмузыка
_bисполнительская
_cаудио
210 _aS. l.
_cZonophone record
_d[1908]
_gО-во Граммофонъ съ огр. отв.
_eРига
215 _a1 грп. (ок. 6 мин) : 78 об/мин, моно
_d25 см, в конв.
300 _aЗаписано в феврале 1908 г., Москва
300 _aИнж. звукозап. Ф. Хампе
300 _aДата записи установл. по кат. А. Келли
606 1 _aЦерковная музыка русская
_jЗвукозапись
_2nlr_sh
606 1 _aХоровая музыка церковная
_xЗвукозапись
_z16-18 вв.
_yРоссия
_jЗвукозапись
_2nlr_sh
686 _aЩ99(28)я43
702 1 _6z01790
_aНикольский
_bЯ. В.
_cрегент
_4250
_7ca
702 1 _6z02790
_aХампе
_bГ. Ф.
_cинженер записи
_f1879-1947
_gГеорг Франц
_4670
_7ca
702 1 _6z03790
_aКелли
_bА.
_f1928-2015
_gАлан
_4365
_7ca
710 0 2 _aМосковский Чудовский хор
_4590
_7ca
790 1 _6z01702
_aNikol`skij
_bJa. V.
_4250
_7ba
790 1 _6z02702
_aHampe
_bG. F.
_crecording engineer
_f1879-1947
_gGeorg Franz
_4670
_7ba
790 1 _6z03702
_aKelly
_bA.
_f1928-2015
_gAlan
_4365
_7ca
801 0 _aRU
_bNLR
_c20180917
_gPSBO
801 1 _aRU
_bNLR
_c20180917
_2rusmarc
801 2 _aRU
_bNLR
_c20260401
852 _aNLR
_jМг 2к/694
_m44845
_t1
942 _cREC
980 _aONIZ
980 _aNB